Athribis X : Les Graffiti et Dipinti du Speos de Hout-Repit /
This book contains the first edition and analysis of graffiti and dipinti from a speos dating from the early Roman period located in the necropolis of Hut-Repit/Athribis in Upper Egypt.Until recently, this temple was believed to be a sanctuary dedicated to Asklepios-Imhotep. The inscriptions, number...
Main Author:
Format: Book
Language: French
Published:
Cairo :
Institut français d'archéologie orientale,
2025.
Series:
Athribis ;
X
Subjects:
Tags: Add Tag
Call Number: DT73 .A9 v.10
| LEADER | 01500nam a22002537a 4500 | ||
|---|---|---|---|
| 003 | OSt | ||
| 005 | 20260429084603.0 | ||
| 008 | 260427t2025||||ua oa |||||| ||1 |dfre|| | ||
| 020 | |a 9782724710922 | ||
| 050 | 1 | 4 | |a DT73 |b .A9 v.10 |
| 100 | 0 | |a Lippert, Sandra | |
| 245 | 1 | 0 | |a Athribis X : |b Les Graffiti et Dipinti du Speos de Hout-Repit / |c Sandra Lippert. |
| 264 | 1 | |a Cairo : |b Institut français d'archéologie orientale, |c 2025. | |
| 300 | |a 1 volume (VI-381 pages) : |b black and white and color illustrations, plans, color illustrated cover ; |c 29 cm. | ||
| 490 | 0 | |a Temples Athribis 10 | |
| 504 | |a Bibliography pages [213]-231 | ||
| 520 | |a This book contains the first edition and analysis of graffiti and dipinti from a speos dating from the early Roman period located in the necropolis of Hut-Repit/Athribis in Upper Egypt.Until recently, this temple was believed to be a sanctuary dedicated to Asklepios-Imhotep. The inscriptions, numbering around a hundred, are mainly Demotic and consist of proskynemata and votive formulas, alongside various figurative drawings. These texts offer a precise date for the temple, and valuable insights into the cult of Haroeris and his sacred falcons, as well as the staff of the religious association responsible for it. | ||
| 650 | 4 | |a Inscriptions (Egyptian) | |
| 650 | 4 | |a Les graffiti et dipinti du spéos de Hout-Répit | |
| 651 | |a Athribis (Egypt) |x Antiquities | ||
| 830 | |a Athribis ; |v X | ||
| 901 | |a reviewed | ||
| 942 | |2 lcc |c BK | ||
| 999 | |c 61906 |d 61906 | ||
